Hodnotenie ergonomických rizík pri práci na vybranom strojnom zariadení

Guardado en:
Detalles Bibliográficos
Autor principal: Jadrná, Monika (Autor)
Otros Autores: Szabová, Zuzana (Orientador)
Formato: Manuscrito Libro
Lenguaje:eslovaco
Publicado: 2019
Materias:
Acceso en línea:http://is.stuba.sk/zp/portal_zp.pl?podrobnosti=139731
Etiquetas: Agregar Etiqueta
Sin Etiquetas, Sea el primero en etiquetar este registro!

MARC

LEADER 00000ntm a22000003a 4500
001 stuzp74067
003 SK-STU
005 20190622211458.9
007 ta
008 150427s2015----xo-----f-mn---000-0-slo-d
040 |a STU  |b slo 
041 0 |a slo 
100 1 |a Jadrná, Monika  |u 065000  |4 aut  |U MTF Materiálovotechnologická fakulta  |T MTF Ústav integrovanej bezpečnosti  |X 88416  |U M5000  |Y 85  |7 88416 
242 0 1 |a Assessment of ergonomic risks on selected machinery  |y eng 
245 1 0 |a Hodnotenie ergonomických rizík pri práci na vybranom strojnom zariadení 
260 |c 2019 
650 4 |a ergonómia  |2 slo 
650 4 |a priemyselné inžinierstvo  |2 slo 
650 4 |a výrobný proces  |2 slo 
650 4 |a RULA  |2 slo 
650 4 |a pracovné podmienky  |2 slo 
650 4 |a ergonomics  |2 eng 
650 4 |a RULA  |2 eng 
650 4 |a working conditions  |2 eng 
650 4 |a industrial engineering  |2 eng 
650 4 |a production process  |2 eng 
700 1 |a Szabová, Zuzana  |u 065000  |k Z2  |4 ths  |U MTF Materiálovotechnologická fakulta  |T MTF Ústav integrovanej bezpečnosti  |X 4741  |U M5000  |Y 85  |7 A000004741 
856 4 |u http://is.stuba.sk/zp/portal_zp.pl?podrobnosti=139731 
996 |c M* BP-8515  |l MMSKP  |s P  |a 0  |w stuzp74067_0001